<?xml version="1.0" encoding="UTF-8"?>
<record
    xmlns:xsi="http://www.w3.org/2001/XMLSchema-instance"
    xsi:schemaLocation="http://www.loc.gov/MARC21/slim http://www.loc.gov/standards/marcxml/schema/MARC21slim.xsd"
    xmlns="http://www.loc.gov/MARC21/slim">

  <leader>01442    a2200217   4500</leader>
  <controlfield tag="001">35485</controlfield>
  <controlfield tag="005">20260407155636.0</controlfield>
  <controlfield tag="008">260407a1974    arg                 spa d</controlfield>
  <controlfield tag="003">AR-UNSa-BCEJYS</controlfield>
  <datafield tag="040" ind1=" " ind2=" ">
    <subfield code="a">AR-UNSa-BCEJYS</subfield>
    <subfield code="b">spa</subfield>
    <subfield code="c">AR-UNSa-BCEJYS</subfield>
  </datafield>
  <datafield tag="080" ind1=" " ind2=" ">
    <subfield code="a">658.14</subfield>
    <subfield code="x">Financiaci&#xF3;n. Financiaci&#xF3;n de las empresas. Obtenci&#xF3;n de capital</subfield>
  </datafield>
  <datafield tag="245" ind1="1" ind2="0">
    <subfield code="a">An&#xE1;lisis financiero</subfield>
  </datafield>
  <datafield tag="250" ind1=" " ind2=" ">
    <subfield code="a">1a. ed.</subfield>
  </datafield>
  <datafield tag="264" ind1=" " ind2="1">
    <subfield code="a">Buenos Aires :</subfield>
    <subfield code="b">El Ateneo</subfield>
    <subfield code="c">1974</subfield>
  </datafield>
  <datafield tag="300" ind1=" " ind2=" ">
    <subfield code="a">xvii, 558 p.</subfield>
    <subfield code="c">22 cm.</subfield>
  </datafield>
  <datafield tag="505" ind1=" " ind2=" ">
    <subfield code="a">1. Naturaleza y alcance de la funci&#xF3;n financiera - 2. Conceptos anal&#xED;ticos de las decisiones financieras - 3. Fundamentos de la programaci&#xF3;n lineal - 4. Programaci&#xF3;n lineal, programaci&#xF3;n de metas y planeamiento de ganancias - 5. Programaci&#xF3;n lineal, programaci&#xF3;n de metas y presupuesto financiero - 6. Deciciones de inversi&#xF3;n en condiciones de certeza (I) - 7. Deciciones de inversi&#xF3;n en condiciones de certeza (II) - 8. Deciciones de inversi&#xF3;n en condiciones de incertidumbre - 9. An&#xE1;lisis de decisiones seleccionadas de inversi&#xF3;n - 10. El costo del capital: concepto y medici&#xF3;n - 11. Planeamiento de la estructura &#xF3;ptima del capital - 12. Teor&#xED;as de la valuaci&#xF3;n y pol&#xED;tica financiera - 13. Teor&#xED;a de las decisiones acerca del capital en giro - 14. Enfoque de simulaci&#xF3;n de las decisiones acerca del capital en giro</subfield>
  </datafield>
  <datafield tag="041" ind1=" " ind2=" ">
    <subfield code="a">spa</subfield>
  </datafield>
  <datafield tag="942" ind1=" " ind2=" ">
    <subfield code="c">BK</subfield>
  </datafield>
  <datafield tag="590" ind1=" " ind2=" ">
    <subfield code="a">niveau_biblio:m niveau_hierar:0</subfield>
  </datafield>
  <datafield tag="100" ind1="1" ind2=" ">
    <subfield code="a">Mao, James C.T.</subfield>
  </datafield>
  <datafield tag="999" ind1=" " ind2=" ">
    <subfield code="c">2565</subfield>
    <subfield code="d">2565</subfield>
  </datafield>
  <datafield tag="952" ind1=" " ind2=" ">
    <subfield code="0">0</subfield>
    <subfield code="1">0</subfield>
    <subfield code="4">0</subfield>
    <subfield code="7">0</subfield>
    <subfield code="a">BCEJYS</subfield>
    <subfield code="b">BCEJYS</subfield>
    <subfield code="c">16</subfield>
    <subfield code="d">2026-04-07</subfield>
    <subfield code="l">0</subfield>
    <subfield code="o">658.14 M111</subfield>
    <subfield code="p">L25273</subfield>
    <subfield code="r">2026-04-07 15:56:36</subfield>
    <subfield code="w">2026-04-07</subfield>
    <subfield code="y">L</subfield>
  </datafield>
</record>
